MAASAI MARA UNIVERSITY

LIBRARY CATALOGUE

Contact Us: +254 020 2685356/7 or 0774 057787

Box: 861-20500, NAROK, KENYA

Email: info@mmarau.ac.ke

Plato's Symposium / (Record no. 25258)

MARC details
000 -LEADER
fixed length control field 01239cam a22003374a 4500
001 - CONTROL NUMBER
control field 11995102
003 - CONTROL NUMBER IDENTIFIER
control field OSt
005 - DATE AND TIME OF LATEST TRANSACTION
control field 20210615094847.0
008 - FIXED-LENGTH DATA ELEMENTS--GENERAL INFORMATION
fixed length control field 000503r20011986ilu 000 0 eng
010 ## - LIBRARY OF CONGRESS CONTROL NUMBER
LC control number 00032593
020 ## - INTERNATIONAL STANDARD BOOK NUMBER
International Standard Book Number 0226042758
040 ## - CATALOGING SOURCE
Original cataloging agency MMU
Transcribing agency MMU
Modifying agency MMU
Language of cataloging Eng
041 1# - LANGUAGE CODE
Language code of text/sound track or separate title eng
Language code of original grc
042 ## - AUTHENTICATION CODE
Authentication code pcc
050 00 - LIBRARY OF CONGRESS CALL NUMBER
Classification number B385.A5
Item number B46 2001
082 00 - DEWEY DECIMAL CLASSIFICATION NUMBER
Classification number 184
Edition number 21
240 10 - UNIFORM TITLE
Uniform title Symposium.
Language of a work English
245 10 - TITLE STATEMENT
Title Plato's Symposium /
Statement of responsibility, etc. a translation by Seth Benardete ; with commentaries by Allan Bloom and Seth Benardete.
260 ## - PUBLICATION, DISTRIBUTION, ETC. (IMPRINT)
Place of publication, distribution, etc. Chicago :
Name of publisher, distributor, etc. University of Chicago Press,
Date of publication, distribution, etc. c2001.
300 ## - PHYSICAL DESCRIPTION
Extent 199 p. ;
Dimensions 23 cm.
505 0# - FORMATTED CONTENTS NOTE
Formatted contents note Symposium -- The ladder of love / by Allan Bloom -- On Plato's Symposium / by Seth Benardete.
600 00 - SUBJECT ADDED ENTRY--PERSONAL NAME
Personal name Socrates.
600 00 - SUBJECT ADDED ENTRY--PERSONAL NAME
Personal name Plato.
Title of a work Symposium.
650 #0 - SUBJECT ADDED ENTRY--TOPICAL TERM
Topical term or geographic name as entry element Love
Form subdivision Early works to 1800.
700 1# - ADDED ENTRY--PERSONAL NAME
Personal name Benardete, Seth.
700 1# - ADDED ENTRY--PERSONAL NAME
Personal name Bloom, Allan,
Dates associated with a name 1930-1992.
856 42 - ELECTRONIC LOCATION AND ACCESS
Materials specified Publisher description
Uniform Resource Identifier <a href="http://www.loc.gov/catdir/description/uchi051/00032593.html">http://www.loc.gov/catdir/description/uchi051/00032593.html</a>
856 42 - ELECTRONIC LOCATION AND ACCESS
Materials specified Contributor biographical information
Uniform Resource Identifier <a href="http://www.loc.gov/catdir/bios/uchi051/00032593.html">http://www.loc.gov/catdir/bios/uchi051/00032593.html</a>
856 41 - ELECTRONIC LOCATION AND ACCESS
Materials specified Table of contents
Uniform Resource Identifier <a href="http://www.loc.gov/catdir/toc/uchi051/00032593.html">http://www.loc.gov/catdir/toc/uchi051/00032593.html</a>
942 ## - ADDED ENTRY ELEMENTS (KOHA)
Source of classification or shelving scheme Library of Congress Classification
Koha item type L
Holdings
Withdrawn status Lost status Source of classification or shelving scheme Damaged status Not for loan Home library Current library Date acquired Source of acquisition Total Checkouts Full call number Barcode Date last seen Date last checked out Price effective from Koha item type
    Library of Congress Classification     Maasai Mara University Library -Main Campus Maasai Mara University Library -Main Campus 03/20/2017 DonationT4C 1 B385.A5B46 2001 17028393 06/18/2021 06/09/2021 03/20/2017 L
© 2016 Maasai Mara University.